| 000 | 01156nas a2200313 4500 | ||
|---|---|---|---|
| 001 | BR8102186 | ||
| 003 | BR-BrBNA | ||
| 005 | 20231205084639.0 | ||
| 007 | ta | ||
| 008 | 230509b bl.|||p| |||| 00| 00por d | ||
| 040 |
_aBR-BrBNA _bpor _cBiblioteca Nacional de Agricultura |
||
| 041 | _a(Pt) | ||
| 072 | _aF30; F60 | ||
| 100 | 1 | _aSoares, A.A. | |
| 100 | 1 | _aGalvao, J.D. | |
| 100 | 1 | _aSilva, J.C. | |
| 245 | 1 |
_aPeriodo da polinizacao a formacao da camada preta em graos de milho: heranca e correlacao genetica com alguns caracteres agronomicos [Zea mays; Brasil] _bParte de tese |
|
| 246 | 1 |
_a[Grain filling period to formation of the black layer in maize grains: inheritance and genetic correlation with some agronomic characters [Zea mays; Brazil]] _b[Part of thesis] |
|
| 650 | _aMelhoramento genetico vegetal | ||
| 650 | _aFisiologia vegetal | ||
| 650 | _aMilho | ||
| 650 | _aMaturidade | ||
| 650 | _aCruzamento | ||
| 650 | _aGenetica vegetal | ||
| 650 | _aPolinizacao | ||
| 773 | 0 |
_tRevista Ceres (Brazil) _xISSN 0034-737X _g(1981), v. 28(155) p. 60-70 _wBR8102186 |
|
| 909 |
_a202311 _bLúcia _c55 _dLúcia Elande |
||
| 942 |
_2AGRIS _n0 _cANA |
||
| 999 |
_c106434 _d106434 |
||